Wikipedia Infoboxes: Soviet Union - Statistics

General Stats
  • This quiz has been taken 31 times
  • The average score is 79 of 103
Answer Stats
Answer % Correct
Moscow
100%
right
100%
Russia
100%
Russian
100%
Russian SFSR
100%
Vladimir Lenin
100%
1922
96%
{1922}:
96%
• {1922}–1924 (first)
96%
{1922}–1936
96%
{1922}–1944
96%
• {1922}–1946 (first)
96%
19–22 August 1991
96%
1936–{1991}
96%
1941
96%
1944–{1991}
96%
1945
96%
• 1985–{1991} (last)
96%
• 1988–{1991} (last)
96%
1991
96%
{1991}
96%
{1991}:
96%
• {1991} (last)
96%
24 October 1945
96%
26 December 1991
96%
30 December 1922
96%
7 November 1917
96%
8 December 1991
96%
Belarus
96%
Byelorussian SSR
96%
Estonia
96%
Kazakh
96%
Latvia
96%
Lithuania
96%
Ukrainian
96%
11 March 1990
92%
16 June 1923
92%
1939
92%
Armenia
92%
Georgia
92%
Lithuanian
92%
1940
88%
31 January 1924
88%
Armenian
88%
Estonian
88%
Georgian
88%
Latvian
88%
Mikhail Gorbachev
88%
Moldova
88%
Romania
88%
Tajik
88%
Turkmen
88%
Ukraine
88%
Ukrainian SSR
88%
Uzbek
88%
25 February 1956
84%
5 December 1936
84%
Azerbaijani
84%
Kyrgyz
84%
Kyrgyzstan
84%
Soviet
84%
Soviet ruble (Rbl) (SUR)
84%
Belarusian
80%
Germany
80%
Kazakhstan
80%
Poland
80%
Turkmenistan
80%
9 October 1977
76%
Azerbaijan
76%
Finland
76%
Uzbekistan
72%
Tajikistan
68%
SU
56%
.su
56%
Japan
52%
Moldavian
44%
State atheism
40%
Czechoslovakia
32%
+7
28%
Supreme Soviet
28%
Tuva
28%
Пролетарии всех стран, соединяйтесь! "Workers of the world, unite!"
28%
Transcaucasian SFSR
24%
Государственный гимн СССР "State Anthem of the Soviet Union"
20%
Интернационал "The Internationale"
20%
Mikhail Kalinin
16%
Soviet of Nationalities
16%
Turkic
16%
Bukharan SSR
12%
Congress of Soviets
12%
East Slavs
12%
Ivan Silayev
12%
Soviet of Republics
12%
Soviet of the Union
12%
Khorezm SSR
8%
No matching quizzes found
Score Distribution
Percent of People with Each Score
Percentile by Number Answered
Your Score History
You have not taken this quiz